000 00671nam a2200253Ia 4500
005 20250425162319.0
008 250425s9999 xx 000 0 und d
020 _a997841407
041 _aspa
043 _aec
082 _a658.408
100 _aFUNDACION, ESQUEL
245 0 _aMODELOS EMPRESARIALES DE RESPONSABILIDAD SOCIAL: LA EXPERIENCIA ECUATORIANA A PARTIR DE SEIS ESTUDIOS DE CASO
250 _aS.E.
260 _aEcuador
_bFUNDACION ESQUEL
_c2000
260 _aQUITO
300 _a102
650 _aECUADOR
650 _aPROGRAMAS SOCIALES
650 _aRESPONSABILIDAD SOCIAL
710 _aFUNDACION ESQUEL
942 _c01
010 _a61096
999 _c226673
_d226673